| 000 | 00361 a2200169 4500 | ||
|---|---|---|---|
| 001 | 183203 | ||
| 020 | _a | ||
| 040 | _cMagnum | ||
| 100 | _aMedeiros, Neyde Araujo de | ||
| 240 | 1 | 0 |
_aA vingança do cheique _lpor |
| 245 | 1 | 0 | _aA vingança do cheique |
| 300 | _a104 | ||
| 362 | 0 | _a1989 | |
| 440 | 1 | _aO Lutador | |
| 697 | _aLITERATURA GERAL | ||
| 942 | _cBK | ||
| 999 |
_c183203 _d183203 |
||